The development performance of West Malaysia, 1955-1967 with special reference to the industrial sector.

Salvato in:
Dettagli Bibliografici
Autore principale: Sum Yee Lo
Natura: Libro
Lingua:Undetermined
Pubblicazione: Kuala Lumpur Heinemann Educational Books 1972
Soggetti:
Tags: Aggiungi Tag
Nessun Tag, puoi essere il primo ad aggiungerne! !
Thư viện lưu trữ: Trung tâm Học liệu Trường Đại học Cần Thơ
LEADER 00665nam a2200217Ia 4500
001 CTU_90458
008 210402s9999 xx 000 0 und d
082 |a 338.09595 
082 |b L795 
100 |a Sum Yee Lo 
245 4 |a The development performance of West Malaysia, 1955-1967 
245 0 |b with special reference to the industrial sector. 
245 0 |c Sum Yee Lo 
260 |a Kuala Lumpur 
260 |b Heinemann Educational Books 
260 |c 1972 
650 |a malaysia,industries,industrial promotion 
650 |x economic conditions 
650 |z malaysia,malaysia 
904 |i Năm 
980 |a Trung tâm Học liệu Trường Đại học Cần Thơ